Score 0/28 Timer 03:00
1 Play Today
Hint 4-Letter Word % Correct
Wild male pigBOAR
96.8%
Nautical vesselBOAT
95.9%
Make a reservationBOOK
94.2%
★ Take a peek ★LOOK
93.9%
Tapped brewBEER
93.4%
Femur or clavicle, for exampleBONE
92.6%
Car trunk, to a BritBOOT
92.2%
Kodiak, e.g.BEAR
91.8%
★ Golfer's warning ★FORE
88.8%
Drill a holeBORE
88.8%
Raise one's voiceYELL
88.2%
Connery and Craig characterBOND
87.6%
Southern pronounY'ALL
86%
Stubborn animalMULE
85.6%
Hint 4-Letter Word % Correct
Form a curveBEND
85.2%
Customer review websiteYELP
85%
★ February 29th: ____ Day ★LEAP
84.4%
Denver is this highMILE
84.1%
★ Christmas season ★YULE
83.7%
Beatles movie of 1965HELP!
82.4%
Connecticut IvyYALE
82.1%
★ ____ bourguignon ★BEEF
79.2%
Sloppy stackHEAP
78.5%
Offshore hazardREEF
76.7%
Bake in a kilnFIRE
76.5%
Aquatic grassREED
75.1%
Swampy groundMIRE
74.9%
Tear apart violentlyREND
74.7%

Today's Daily Dose

Remove Ads.
Support Sporcle.
Get the best of Sporcle when you Go Orange. This ad-free experience offers more features, more stats, and more fun while also helping to support Sporcle. Thank you for becoming a member.

You're not logged in!

Compare scores with friends on all Sporcle quizzes.
OR
Log In

Show Comments

Extras

Top Quizzes Today


Score Distribution

Your Account Isn't Verified!

In order to create a playlist on Sporcle, you need to verify the email address you used during registration. Go to your Sporcle Settings to finish the process.

Report this User

Report this user for behavior that violates our Community Guidelines.

Details: